000
00284nam a2200109Ia 4500
001
589077
005
20250717120842.0
008
250717s9999 xx 000 0 und d
245
0
_a
X-2 MIRMIRIN SİHİRLİ BIYIKLARI
_c
HEATHER PINDAR
260
_b
İNDİGO YAYINLARI
_c
2018
300
_b
18
999
_c
589077
_d
589077